000 00632nam a22002177a 4500
003 UA-OsUOA
001 56467
007 ta
008 20081029b un ||||| |||| 00| 0 ukr d
100 _aОлійник Д.С.
090 _a330
_bО-54
942 _cSA
040 _aUA-OsUOA
_bukr
_cUA-OsUOA
_dUA-OsUOA
245 _aПитанні вдасконалення контролю виконання місцевих бюджетів
300 _aС.84-92
955 _a0
041 _aukr
080 _a330
773 0 _w56459
_tФінанси України
_dК.
_d2008
_g7
650 7 _a330 Економіка взагалі
_2UDC
999 _c342556
_d342556